On the Edge : The Art of Risking Everything (Record no. 43142)

MARC details
000 -LEADER
fixed length control field 00489nam a22001817a 4500
005 - DATE AND TIME OF LATEST TRANSACTION
control field 20241113154219.0
008 - FIXED-LENGTH DATA ELEMENTS--GENERAL INFORMATION
fixed length control field 241113b |||||||| |||| 00| 0 eng d
020 ## - INTERNATIONAL STANDARD BOOK NUMBER
International Standard Book Number 9780241568521
041 ## - LANGUAGE CODE
Language code of text/sound track or separate title Eng
082 ## - DEWEY DECIMAL CLASSIFICATION NUMBER
Classification number 153.75 SIL
100 ## - MAIN ENTRY--PERSONAL NAME
Author Silver Nate
245 ## - TITLE STATEMENT
Title On the Edge : The Art of Risking Everything
260 ## - PUBLICATION, DISTRIBUTION, ETC.
Place New York
Publisher Penguin Press
Publication Year 2024
300 ## - PHYSICAL DESCRIPTION
Extent 559;. P. 22 CM
365 ## - TRADE PRICE
Price type code RS
Price amount 799
Currency code Rupees
650 ## - SUBJECT ADDED ENTRY--TOPICAL TERM
Subject Risk-taking (Psychology), Risk perception
942 ## - ADDED ENTRY ELEMENTS (KOHA)
Koha item type Books
Holdings
Withdrawn status Lost status Source of classification or shelving scheme Damaged status Not for loan Home library Current library Shelving location Accession Date Vendor Price Bill number Total Checkouts Full call number Barcode No Date last seen Date last checked out Bill Date Koha item type
    Dewey Decimal Classification     IMTN IMTN Rack 1-B 11/13/2024 Amazon.in 799.00 RJ-550453483-2425 2 153.75 SIL 33571 07/19/2025 07/07/2025   Books
Designed & Maintained by: LRC IMT Nagpur Contact: lrc@imtnag.ac.in© 2024. All Rights Reserved.